Statistics for Countries That Begin With 'U' And 'V'

Click here to take the quiz!

General Stats

  • This quiz has been taken 665 times
  • The average score is 9 of 11

Answer Stats

Answer% Correct
Venezuela
88%
United Kingdom
87%
Uganda
85%
Uruguay
85%
Uzbekistan
83%
United States
81%
Vanuatu
76%
Vatican City
73%
Vietnam
70%
Ukraine
69%
United Arab Emirates
68%

Score Distribution

Percentile by Number Answered

Percent of People with Each Score

Your Score History

You have not taken this quiz